000 00483nam a22001577a 4500
999 _c40643
_d40643
003 OSt
005 20210123143834.0
008 191016b ||||| |||| 00| 0 eng d
020 _a9789388182379
040 _coclc
082 _a332.110954
_bCLM/B
110 _aCL Media
245 _aBank Clerk Recruitment Examination Phase - I & II /
_cCL Media
260 _aNew Delhi:
_bG K Publications,
_c2018
942 _2ddc
_cREF
_h332.110954
_iCLM/B
_k332.110954
_mCLM/B